| 000 | 00686nam a2200193 i 4500 | ||
|---|---|---|---|
| 001 | 149918 | ||
| 003 | ES-MaACL | ||
| 005 | 20250828030244.0 | ||
| 007 | t| | ||
| 008 | 071025s1959 sp ||||1| spa d | ||
| 100 | 1 |
_aVander, Adrianus. _9113059 |
|
| 245 | 1 | 0 |
_aCómo educar a tus hijos _b: guía completa para los padres : todos los problemas de la educación de los niños resueltos con la aplicación de modernos métodos científicos / _cDr. A. Vander. |
| 250 | _a1ª ed. | ||
| 260 |
_aBarcelona : _bSintes, _c1959. |
||
| 300 |
_a240 p., 32 lám. ; _c25 cm. |
||
| 650 | 0 | 7 |
_aEducación familiar _2embne _912106 |
| 852 |
_aES-MaACL _jC-16425 _bR.44505 |
||
| 999 |
_c149918 _d149918 |
||